000 00447pab a2200169 454500
008 180718b2018 xxu||||| |||| 00| 0 eng d
100 _aKrishna, Geetima Das
245 _aLong-run determinants of sovereign bond yields
260 _c2018
300 _ap.111-119.
362 _a31 Mar
650 _aInvestment - India
650 _aGovernment bonds
700 _aNag, Biswajit
773 _aEconomic and Political Weekly
909 _a116994
999 _c116988
_d116988